إبراهيم باشا في سوريا : (Record no. 13365)
[ view plain ]
| 000 -الفاتح | |
|---|---|
| حقل البيانات ثابتة الطول | 01869nam a2200325 i 4500 |
| 003 - محدد رقم الضبط | |
| رقم الضبط | EG-ScBUE |
| 005 - وقت وتاريخ اخر تعامل مع التسجيلة | |
| رقم الضبط | 20240225135513.0 |
| 008 - عناصر البيانات ثابتة الطول - معلومات عامة | |
| حقل البيانات ثابتة الطول | 100211s2009 ua o f b 000100bara d |
| 017 ## - رقم الإيداع القانونى | |
| رقم الإيداع القانونى | 2006 / 8584 |
| 020 ## - الرقم الدولى المعيارى للكتب | |
| الرقم الدولى المعيارى للكتاب | 9789770921029 |
| 040 ## - مصدر الفهرسة | |
| وكالة الفهرسة الأصلية | EG-ScBUE |
| لغة الفهرسة | ara |
| قواعد الوصف | rda |
| وكالة النسخ | EG-ScBUE |
| وكالة التعديل | EG-ScBUE |
| 043 ## - رمز المنطقة الجغرافية | |
| رمز المنطقة الجغرافية | a-sy--- |
| 082 04 - رقم تصنيف ديوى العشرى | |
| رقم الطبعة | 22 |
| رقم التصنيف | 956.9103 |
| رقم المادة | ع ز ا |
| 100 1# - المدخل الرئيسى - إسم شخصى | |
| 9 (RLIN) | 11287 |
| الإسم الشخصى | أبو عز الدين، سليمان، |
| التواريخ المصاحبة للاسم | 1291-1351 هـ.، |
| الدور | مؤلف. |
| 245 10 - بيان العنوان | |
| العنوان | إبراهيم باشا في سوريا : |
| بقية العنوان | هو تاريخ بدء النهضة الحديثة في الشرق الأدنى وأحوال سوريا في عهد محمد علي وثورات السوريين ودروز حوران على حكومته وصفحة من تاريخ المسألة الشرقية ومطلع دول أوروبا في البلاد العثمانية / |
| بيان المسئوليه,etc | سليمان أبو عز الدين ؛ تقديم ودراسة ومراجعة وتعليق د. لطيفة محمد سالم ؛ تصدير د. يونان لبيب رزق. |
| 250 ## - بيان الطبعة | |
| بيان الطبعة | الطبعة الأولى. |
| 264 #1 - النشر، التوزيع | |
| مكان الناشر او الموزع | القاهرة : |
| اسم الناشر او الموزع | دار الشروق، |
| تاريخ النشر أو التوزيع | 2009. |
| 300 ## - الوصف المادى | |
| التعداد | 308 صفحة : |
| تفاصيل ماديه اخرى للوعاء | صور ؛ |
| أبعاد الوعاء | 23 سم |
| 336 ## - نوع المحتوى | |
| source | rdacontent |
| Carrier Type Term | نص |
| Content Type Code | txt |
| 337 ## - نوع الوسيط | |
| Media Type Term | بدون وسيط |
| source | rdamedia |
| Media Type Code | n |
| 338 ## - نوع الحامل أو الناقل | |
| Carrier Type Term | مجلد |
| Carrier Type Code | nc |
| source | rdacarrier |
| 504 ## - تبصرة ببليوجرافية | |
| تبصرة ببليوجرافية,الخ | يشتمل على إرجاعات ببليوجرافية وكشافات. |
| 600 17 - المدخل الاضافى بالموضوع-اسم شخصى | |
| 9 (RLIN) | 11300 |
| الإسم الشخصى | إبراهيم باشا |
| التواريخ المصاحبة للاسم | 1789-1848. |
| مصدر الرأس أو المصطلح | BUEsh |
| 651 #7 - المدخل الاضافى بالموضوع - اسم جغرافى | |
| 9 (RLIN) | 11293 |
| الاسم الجغرافي | سوريا |
| التقسيم الفرعي العام | تاريخ |
| التقسيم الفرعي الزمني | العصر العثماني (1516-1920 م.). |
| مصدر الرأس أو المصطلح | BUEsh |
| 651 #7 - المدخل الاضافى بالموضوع - اسم جغرافى | |
| الاسم الجغرافي | سوريا |
| التقسيم الفرعي العام | أحوال سياسية |
| التقسيم الفرعي الزمني | العصر العثماني (1516-1920 م.). |
| مصدر الرأس أو المصطلح | BUEsh |
| 655 ## - مصطلح تكشيفى-نوع/شكل | |
| التقسيم الفرعي الشكلي | Reading book |
| 700 1# - المدخل الاضافى - اسم شخصى | |
| 9 (RLIN) | 11255 |
| الإسم الشخصى | سالم، لطيفة محمد، |
| التواريخ المصاحبة للاسم | 1942- |
| الدور | مقدم، |
| -- | مراجع، |
| -- | معلق. |
| 700 1# - المدخل الاضافى - اسم شخصى | |
| 9 (RLIN) | 11288 |
| الإسم الشخصى | رزق، يونان لبيب، |
| التواريخ المصاحبة للاسم | 1933-2008، |
| الدور | مصدر. |
| 942 ## - عناصر المدخل الإضافي( كوها) | |
| مصدر التصنيف او مخطط الترفيف | Dewey Decimal Classification |
| Koha [default] item type | Book - Borrowing |
| حالة التراجع | حالة الفقد | مصدر التصنيف او خطة الترفيف | حالة تلف | ليس للاعارة | مجموعات كوها | المكان الدائم | المكان الحالي | موقع الترفيف | تاريخ الاكتساب | Source of acquisition | سعر الشراء الطبيعي | تعداد مسلسل / التسلسل الزمني | رقم الاستدعاء | الباركود | Date last seen | نوع الوعاء |
|---|---|---|---|---|---|---|---|---|---|---|---|---|---|---|---|---|
| Dewey Decimal Classification | Central Library | Central Library | Second Floor | 11/02/2010 | 40.00 | 1 | 956.9103 أبو | 000019708 | 15/07/2025 | Book - Borrowing |